Jazz. (Record no. 108971)
[ view plain ]
| 000 -LEADER | |
|---|---|
| fixed length control field | 00365nam a2200157 a 4500 |
| 005 - DATE AND TIME OF LATEST TRANSACTION | |
| control field | 20140414093835.0 |
| 008 - FIXED-LENGTH DATA ELEMENTS--GENERAL INFORMATION | |
| fixed length control field | 030611s19uu xx 00 eng d |
| 050 ## - LIBRARY OF CONGRESS CALL NUMBER | |
| Classification number | CD 780 |
| Item number | Son 1996 |
| 100 ## - MAIN ENTRY--PERSONAL NAME | |
| Personal name | Sony Music Special Production |
| 245 ## - TITLE STATEMENT | |
| Title | Jazz. |
| 250 ## - EDITION STATEMENT | |
| Edition statement | 8th edition |
| 500 ## - GENERAL NOTE | |
| General note | (2 CD's inside) |
| 650 ## - SUBJECT ADDED ENTRY--TOPICAL TERM | |
| Topical term or geographic name as entry element | Jazz. |
| 942 ## - ADDED ENTRY ELEMENTS (KOHA) | |
| Koha item type | Audio Visual Materials |
| Withdrawn status | Lost status | Damaged status | Home library | Current library | Shelving location | Date acquired | Source of acquisition | Total Checkouts | Full call number | Barcode | Date last seen | Price effective from | Koha item type |
|---|---|---|---|---|---|---|---|---|---|---|---|---|---|
| Luxembourg Library | Luxembourg Library | Audio Visual Material Section | 06/11/2003 | CD 780 Son 1996 | AV0464 | 04/14/2014 | 04/14/2014 | Audio Visual Materials |